000 01887cam a22003134a 4500
001 13178066
005 20040420091207.0
008 030428s2004 enka |rb 001 0 eng
010 _a 2003050668
020 _a9780201709452
040 _aDLC
_cDLC
_dDLC
042 _apcc
050 0 0 _aQA76.76.Q35
_bG35 2004
082 0 0 _a005.10685
_222
_bGAL
100 1 _aGalin, Daniel.
_912012
245 1 0 _aSoftware Quality Assurance /
_cDaniel Galin.
260 _aHarlow, England ;
_aNew York :
_bPearson Education Limited, 2004
_c2004.
300 _axxvi, 590 p. :
_bill. ;
_c24 cm.
504 _aIncludes bibliographical references and indexes
650 0 _aComputer software
_xQuality control.
_912013
942 _2ddc
_cNB
999 _c13535
_d13535